New international accounting standards (Record no. 71190)
[ view plain ]
| 000 -LEADER | |
|---|---|
| fixed length control field | 01268cam a2200217 4500 |
| 001 - CONTROL NUMBER | |
| control field | WB3835-06 |
| 008 - FIXED-LENGTH DATA ELEMENTS--GENERAL INFORMATION | |
| fixed length control field | 020923n2002 000 0 eng u |
| 035 ## - SYSTEM CONTROL NUMBER | |
| System control number | (Sirsi) u119776 |
| 245 ## - TITLE STATEMENT | |
| Title | New international accounting standards |
| 260 ## - PUBLICATION, DISTRIBUTION, ETC. | |
| Date of publication, distribution, etc. | 2002 |
| 490 ## - SERIES STATEMENT | |
| Series statement | RICS Management Consultancy News Release |
| Volume/sequential designation | 20 September 2002, (1) |
| 520 ## - SUMMARY, ETC. | |
| Summary, etc. | Proposals contained in a DTI consultation paper give information on the extension of the EU regulation on International Accounting Standards. A British extension to these rules will see privately owned UK business experiencing big changes in the way they account for some of their trade. This could have an effect on systems, processes and people involved in the underlying financial reporting process. For the background to the regulation: http://www.dti.gov.uk/cld/iasregulation.htm For RICS managment consultancy faculty: http://www.rics.org/ricscms/bin/show?class=News&template=/includes/shownews.html&id=3689&faculty=Management%20Consultancy&faculty=All%20Faculties |
| 590 ## - LOCAL NOTE (RLIN) | |
| Local note | WB |
| 650 ## - SUBJECT ADDED ENTRY--TOPICAL TERM | |
| Topical term or geographic name entry element | DTI |
| 650 ## - SUBJECT ADDED ENTRY--TOPICAL TERM | |
| Topical term or geographic name entry element | INTERNATIONAL ACCOUNTING STANDARDS |
| 650 ## - SUBJECT ADDED ENTRY--TOPICAL TERM | |
| Topical term or geographic name entry element | ACCOUNTS |
| 650 ## - SUBJECT ADDED ENTRY--TOPICAL TERM | |
| Topical term or geographic name entry element | FINANCIAL CONTROL |
| 650 ## - SUBJECT ADDED ENTRY--TOPICAL TERM | |
| Topical term or geographic name entry element | REGULATION |
| 690 ## - LOCAL SUBJECT ADDED ENTRY--TOPICAL TERM (OCLC, RLIN) | |
| Topical term or geographic name as entry element | MANAGEMENT-BUSINESS MANAGEMENT-FINANCIAL MANAGEMENT |
| 942 ## - ADDED ENTRY ELEMENTS (KOHA) | |
| Suppress in OPAC | 0 |
| Withdrawn status | Lost status | Source of classification or shelving scheme | Damaged status | Not for loan | Home library | Current library | Shelving location | Date acquired | Total Checkouts | Full call number | Barcode | Date last seen | Copy number | Price effective from | Koha item type |
|---|---|---|---|---|---|---|---|---|---|---|---|---|---|---|---|
| Dewey Decimal Classification | London | London | News article | 23/09/2002 | WB3835-06 | 119776-1001 | 06/08/2019 | 1 | 06/08/2019 | News article |